000 00335 a2200145 4500
001 169027
020 _a
040 _cMagnum
100 _aVesentini, Jose William (Org.)
240 1 0 _aGeografia e ensino: textos criticos
_lpor
245 1 0 _aGeografia e ensino: textos criticos
362 0 _a1899
697 _aGERAL
942 _cBK
999 _c169027
_d169027